[Event "Tournoi Skype 030A"]
[Site "Skype"]
[Date "????.??.??"]
[Round "1.36"]
[White "Tembhurnekar, Ritu"]
[Black "Munoz Gonzalez, Martin"]
[Result "1/2-1/2"]
[WhiteElo "1011"]
[BlackElo "1412"]
[PlyCount "44"]

1. d4 d5 2. Nf3 c6 3. Bf4 Nd7 4. e3 e6 5. Nbd2 f5 6. Ne5 Ngf6 7. Be2 Bd6 8. c4
O-O 9. O-O Qc7 10. Ndf3 Ne4 11. cxd5 exd5 12. Nxd7 Bxd7 13. Bxd6 Qxd6 14. Ne5
Be8 15. f4 Rd8 16. Rc1 Qh6 17. Rf3 Qh4 18. Qe1 Qxe1+ 19. Rxe1 Bh5 20. Rh3 Bxe2
21. Rxe2 Nf6 22. Rf2 Ne4 1/2-1/2

[Event "Tournoi Skype 030A"]
[Site "Skype"]
[Date "????.??.??"]
[Round "1.37"]
[White "Zenini, Simone"]
[Black "Navghane, Rahul"]
[Result "0-1"]
[WhiteElo "1411"]
[BlackElo "1007"]
[PlyCount "52"]

1. d4 b6 2. Bf4 Bb7 3. e3 e6 4. Nf3 Nf6 5. h3 a6 6. Nbd2 c5 7. c3 cxd4 8. cxd4
Bxf3 9. Nxf3 Bb4+ 10. Nd2 Ne4 11. a3 Bxd2+ 12. Ke2 Bc3 13. Qc2 d5 14. bxc3 Nd7
15. f3 Nef6 16. Kd2 b5 17. Bd3 Nb6 18. e4 dxe4 19. fxe4 Rc8 20. e5 Nfd5 21. Be3
Nxe3 22. Kxe3 Qg5+ 23. Kf2 Qf4+ 24. Ke2 Nd5 25. Ke1 Rxc3 26. Qd2 Qg3+ 0-1

[Event "Tournoi Skype 030A"]
[Site "Skype"]
[Date "????.??.??"]
[Round "2.1"]
[White "Saponara, Jose Maria"]
[Black "Figueroa, Tomas"]
[Result "0-1"]
[WhiteElo "1525"]
[BlackElo "2093"]
[PlyCount "86"]

1. e4 e6 2. d3 d5 3. Nd2 Nf6 4. Ngf3 Nc6 5. c3 e5 6. g3 Be7 7. Bg2 O-O 8. Qc2
Re8 9. O-O Bf8 10. a3 a5 11. exd5 Nxd5 12. Rd1 Bg4 13. h3 Bh5 14. Nc4 a4 15.
Ne3 Nb6 16. g4 Bg6 17. h4 h5 18. g5 Na5 19. Qe2 Nb3 20. Rb1 Qd7 21. Ne1 Rad8
22. Be4 Qe6 23. Qf3 c6 24. Nf5 Nc5 25. Be3 Nxe4 26. dxe4 Nc4 27. Nd3 b6 28. Nb4
Rxd1+ 29. Rxd1 Nxb2 30. Rd2 Nc4 31. Rd1 b5 32. Nc2 Nxa3 33. Nxa3 Bxa3 34. Bb6
Bf8 35. Qd3 a3 36. Ba5 Ra8 37. Bb4 c5 38. Bxa3 Rxa3 39. Qxb5 Bxf5 40. exf5 Qxf5
41. Qd3 Qg4+ 42. Kf1 c4 43. Qd4 exd4 0-1

[Event "Tournoi Skype 030A"]
[Site "Skype"]
[Date "????.??.??"]
[Round "2.2"]
[White "Blasco, Raul"]
[Black "Khetre, Gaurav"]
[Result "1-0"]
[WhiteElo "1978"]
[BlackElo "1540"]
[PlyCount "27"]

1. Nf3 Nf6 2. c4 g6 3. g3 Bg7 4. Bg2 O-O 5. O-O c6 6. d4 d5 7. Qb3 Na6 8. Rd1
Be6 9. Qxb7 Nc7 10. Bf4 Nce8 11. Qxc6 dxc4 12. Nc3 Nd5 13. Be5 f6 14. Qxe6+ 1-0

[Event "Tournoi Skype 030A"]
[Site "Skype"]
[Date "????.??.??"]
[Round "2.3"]
[White "Lovell, Stan"]
[Black "Deville, Olivier"]
[Result "1/2-1/2"]
[WhiteElo "1511"]
[BlackElo "1767"]
[PlyCount "64"]

1. d4 Nf6 2. Nf3 e6 3. Bf4 c5 4. c3 Nc6 5. e3 Nh5 6. Bg5 Qb6 7. Qb3 h6 8. Qxb6
axb6 9. Bh4 g5 10. Bg3 Nxg3 11. hxg3 Bg7 12. Nbd2 d5 13. Be2 Bd7 14. a3 c4 15.
e4 O-O 16. e5 Ne7 17. Nh2 Ba4 18. Ng4 Bc2 19. Nxh6+ Bxh6 20. Rxh6 Kg7 21. Rh3
Bf5 22. g4 Bg6 23. O-O-O Rh8 24. Rdh1 Rxh3 25. gxh3 Rh8 26. Bd1 b5 27. Bc2 Bxc2
28. Kxc2 Ng6 29. Nf3 f6 30. exf6+ Kxf6 31. Rh2 Nf4 32. Ng1 Kg6 1/2-1/2

[Event "Tournoi Skype 030A"]
[Site "Skype"]
[Date "????.??.??"]
[Round "2.4"]
[White "Mayor Martinez, Juan Jose"]
[Black "Sequeda Pimiento, Javier Ricardo"]
[Result "1-0"]
[WhiteElo "1749"]
[BlackElo "1434"]
[PlyCount "95"]

1. d4 d5 2. e3 e6 3. Bd3 c5 4. c3 Nf6 5. Nd2 Nc6 6. Ngf3 Bd6 7. O-O cxd4 8.
cxd4 O-O 9. Re1 e5 10. dxe5 Nxe5 11. Bb1 Bg4 12. h3 Bxf3 13. Nxf3 Nxf3+ 14.
Qxf3 Qc7 15. a3 Rac8 16. Bd3 Qa5 17. Rd1 Rfe8 18. Rb1 d4 19. b4 Qb6 20. exd4 a6
21. Bb2 h6 22. g3 Kh8 23. Kg2 Rcd8 24. Bc4 Re7 25. Bd3 Bb8 26. Rbc1 Qd6 27. Rc2
Rde8 28. Rdc1 Rc7 29. Rxc7 Bxc7 30. Qxb7 Re7 31. Qxa6 Qd5+ 32. Kg1 Qd7 33. Qa8+
Ng8 34. Qg2 g6 35. b5 Kh7 36. a4 Bb6 37. Ba3 Re6 38. d5 Rf6 39. Rc2 Qa7 40. Bb2
Rd6 41. Rc4 Nf6 42. Rc6 Ne8 43. Rxd6 Nxd6 44. Be5 Ne8 45. Qf3 Kg8 46. d6 Bc5
47. Qc6 Bxf2+ 48. Kg2 1-0

[Event "Tournoi Skype 030A"]
[Site "Skype"]
[Date "????.??.??"]
[Round "2.5"]
[White "Marino, Giuseppe"]
[Black "Rico Hernandez, Edgar"]
[Result "0-1"]
[WhiteElo "1339"]
[BlackElo "1748"]
[PlyCount "68"]

1. d4 d5 2. Nf3 Nf6 3. e3 Bf5 4. Bd3 Bxd3 5. Qxd3 c6 6. O-O e6 7. Nbd2 Nbd7 8.
e4 dxe4 9. Nxe4 Nxe4 10. Qxe4 Nf6 11. Qe2 Be7 12. h3 O-O 13. Bg5 h6 14. Bxf6
Bxf6 15. c3 Qd5 16. Ne5 a6 17. a3 Rad8 18. Rad1 Qb3 19. Rb1 Rd5 20. Rfd1 Rfd8
21. Qc4 Qb6 22. Qe2 Qc7 23. f4 Qb6 24. Qh5 Rf8 25. Kh1 Qc7 26. Qe2 Rfd8 27. Rd3
c5 28. Rbd1 cxd4 29. Rxd4 Rxd4 30. Rxd4 Rxd4 31. cxd4 Qc1+ 32. Kh2 Qxf4+ 33. g3
Qxd4 34. Nf3 Qxb2 0-1

[Event "Tournoi Skype 030A"]
[Site "Skype"]
[Date "????.??.??"]
[Round "2.7"]
[White "Kruk, Clementine"]
[Black "Pena, Eduin"]
[Result "0-1"]
[WhiteElo "1313"]
[BlackElo "1734"]
[PlyCount "72"]

1. e4 c5 2. Nc3 e6 3. f4 d5 4. e5 Nc6 5. Bb5 Bd7 6. Nf3 a6 7. Bxc6 Bxc6 8. a4
d4 9. Ne2 Bxf3 10. gxf3 Qh4+ 11. Ng3 Qxf4 12. Qe2 d3 13. cxd3 Ne7 14. b3 Nc6
15. Bb2 Nd4 16. Bxd4 Qxd4 17. Rc1 Qb2 18. Rc3 b5 19. Qe4 Rc8 20. Qb7 Kd8 21.
Qb6+ Rc7 22. axb5 axb5 23. Qxb5 Be7 24. Qa5 Kd7 25. Ke2 f5 26. Ra1 Rhc8 27.
Qb5+ Kd8 28. Ra6 Bg5 29. Nf1 Bxd2 30. Rd6+ Ke7 31. Rxc5 Bc3+ 32. Ke3 Qc1+ 33.
Kf2 Be1+ 34. Ke2 Qxc5 35. Qa6 Qf2+ 36. Kd1 Rc1# 0-1

[Event "Tournoi Skype 030A"]
[Site "Skype"]
[Date "????.??.??"]
[Round "2.8"]
[White "Caputi, Giuliano"]
[Black "Graham, Neil"]
[Result "1/2-1/2"]
[WhiteElo "1728"]
[BlackElo "1285"]
[PlyCount "68"]

1. d4 Nf6 2. c4 e6 3. Nf3 d5 4. Nc3 c5 5. cxd5 cxd4 6. Qxd4 Nxd5 7. Nxd5 Nc6 8.
Nf6+ Qxf6 9. Qxf6 gxf6 10. a3 Bc5 11. e3 Rg8 12. b4 Bd6 13. Bb2 Ke7 14. g3 b6
15. Rd1 Rg6 16. Bg2 Bb7 17. O-O Rh8 18. Rd2 Rd8 19. Rfd1 Bc7 20. Nd4 Nxd4 21.
Bxb7 Nb5 22. Rxd8 Bxd8 23. Bc6 Nd6 24. f4 f5 25. Kg2 Bc7 26. Kf3 f6 27. b5 Rg8
28. a4 Rd8 29. Ba3 Kf7 30. h3 Nc4 31. Rxd8 Bxd8 32. Bc1 Be7 33. e4 fxe4+ 34.
Kxe4 Ba3 1/2-1/2

[Event "Tournoi Skype 030A"]
[Site "Skype"]
[Date "????.??.??"]
[Round "2.9"]
[White "Yeter, Orhan"]
[Black "Calcino, Luis"]
[Result "0-1"]
[WhiteElo "1252"]
[BlackElo "1694"]
[PlyCount "110"]

1. e4 c6 2. d4 b5 3. c4 b4 4. Nf3 e6 5. Bd3 d5 6. exd5 cxd5 7. c5 Nc6 8. O-O
Be7 9. a3 Bd7 10. Re1 Nf6 11. Bf4 O-O 12. Nbd2 a5 13. Qc2 Rc8 14. Be5 h6 15.
Rac1 Re8 16. h3 a4 17. Qb1 b3 18. Rc3 Na5 19. Rec1 Bc6 20. Be2 Nd7 21. Bd3 Bf6
22. Bxf6 gxf6 23. Nf1 f5 24. Re1 Nf6 25. Qc1 Kg7 26. Ne5 Ne4 27. Bxe4 dxe4 28.
Rg3+ Kh7 29. Nxf7 Qf6 30. Nd6 Qxd4 31. Nxc8 Rxc8 32. Qc3 Qxc3 33. Rxc3 Bd5 34.
Ne3 Kg6 35. Nxd5 exd5 36. Rd1 Nc4 37. Rxd5 Nxb2 38. Rd2 Nd3 39. c6 Kf6 40. c7
Ke7 41. Kf1 b2 42. Rd1 Kd6 43. Ke2 Rxc7 44. Rxc7 Kxc7 45. f3 Nc1+ 46. Kd2 b1=Q
47. Rxc1+ Qxc1+ 48. Kxc1 exf3 49. gxf3 Kd6 50. Kd2 Ke5 51. Ke3 f4+ 52. Kd3 Kd5
53. Ke2 Kc4 54. Kd2 Kb3 55. Kd3 Kxa3 0-1

[Event "Tournoi Skype 030A"]
[Site "Skype"]
[Date "????.??.??"]
[Round "2.10"]
[White "Lucena Vaz, Jose"]
[Black "Ram, Madhukesh"]
[Result "0-1"]
[WhiteElo "1674"]
[BlackElo "1245"]
[PlyCount "72"]

1. c4 Nf6 2. g3 g6 3. Bg2 Bg7 4. Nc3 O-O 5. d3 c5 6. Nf3 Nc6 7. O-O b6 8. Rb1
Bb7 9. a3 Rc8 10. Ne5 Qc7 11. Bf4 d6 12. Nf3 Nh5 13. Bg5 h6 14. Nd5 Qd7 15.
Nxe7+ Nxe7 16. Bxe7 Qxe7 17. Bh3 Rce8 18. Re1 Bxf3 19. exf3 Qxe1+ 20. Qxe1
Rxe1+ 21. Rxe1 Bf6 22. b3 Ng7 23. Bd7 a6 24. b4 cxb4 25. axb4 Bc3 26. Rb1 Rd8
27. Bc6 Ne6 28. Bd5 Re8 29. Rb3 Bd4 30. Ra3 Nc7 31. Be4 f5 32. Bb7 Kg7 33. Kg2
Re2 34. Kh3 Rxf2 35. Bxa6 Ne6 36. Bc8 Ng5+ 0-1

[Event "Tournoi Skype 030A"]
[Site "Skype"]
[Date "????.??.??"]
[Round "2.14"]
[White "Gungor, Gokhan"]
[Black "Khunte, Aniruddha"]
[Result "1/2-1/2"]
[WhiteElo "1579"]
[BlackElo "1174"]
[PlyCount "70"]

1. e4 c6 2. d4 d5 3. e5 Bf5 4. Nf3 e6 5. c4 Bb4+ 6. Nc3 Ne7 7. a3 Ba5 8. b4 Bc7
9. Nh4 Bg6 10. Bg5 Nd7 11. Rc1 Nf8 12. Nxg6 Nfxg6 13. Bd3 h6 14. Bd2 dxc4 15.
Bxc4 Qxd4 16. Ne2 Qxe5 17. Bc3 Qd6 18. Bxg7 Qxd1+ 19. Rxd1 Rg8 20. Bxh6 Rh8 21.
Bg5 Rd8 22. h4 Rxd1+ 23. Kxd1 Nf5 24. h5 Ne5 25. Bf6 Rh6 26. Bxe5 Bxe5 27. f4
Ne3+ 28. Kc1 Nxc4 29. fxe5 Nxe5 30. Nc3 Ng4 31. Rh4 f5 32. Kd2 Kd7 33. Ne2 Kd6
34. Kd3 Ke5 35. g3 Nf2+ 1/2-1/2

[Event "Tournoi Skype 030A"]
[Site "Skype"]
[Date "????.??.??"]
[Round "2.15"]
[White "Navghane, Rahul"]
[Black "Espadina Solano, Jaime"]
[Result "0-1"]
[WhiteElo "1007"]
[BlackElo "1553"]
[PlyCount "60"]

1. b3 e5 2. Bb2 d6 3. d4 exd4 4. Bxd4 Nf6 5. Nd2 Nc6 6. Nc4 g6 7. Nf3 Bg7 8. e3
O-O 9. Bd3 Nxd4 10. Nxd4 Nd5 11. O-O c5 12. Be4 Nc3 13. Qd3 Nxe4 14. Qxe4 cxd4
15. exd4 d5 16. Qd3 dxc4 17. Qxc4 Be6 18. Qb4 Qxd4 19. Qxb7 Bd5 20. Qd7 Qe4 21.
f3 Qe3+ 22. Kh1 Rad8 23. Rae1 Qxe1 24. Rxe1 Rxd7 25. Rd1 Rfd8 26. Re1 Bc6 27.
h3 Rd1 28. Rxd1 Rxd1+ 29. Kh2 Be5+ 30. g3 Bxf3 0-1

[Event "Tournoi Skype 030A"]
[Site "Skype"]
[Date "????.??.??"]
[Round "2.16"]
[White "Munoz Gonzalez, Martin"]
[Black "Hilton, Stephen"]
[Result "0-1"]
[WhiteElo "1412"]
[BlackElo "1865"]
[PlyCount "58"]

1. Nf3 Nf6 2. b3 g6 3. Bb2 Bg7 4. d3 O-O 5. g3 d5 6. Bg2 c5 7. O-O Nc6 8. Nbd2
b6 9. Rb1 Bb7 10. Re1 Qc7 11. c4 d4 12. Rc1 Rfe8 13. Qc2 Rad8 14. a3 a5 15. h3
Rd7 16. Nh2 e5 17. Rcd1 Nd8 18. h4 Bxg2 19. Kxg2 Rde7 20. Bc1 e4 21. f3 exf3+
22. Ndxf3 Qb7 23. Bg5 h6 24. Bc1 Nc6 25. Bd2 Ne5 26. Rf1 Neg4 27. Nxg4 Nxg4 28.
Kh3 h5 29. e3 dxe3 0-1

[Event "Tournoi Skype 030A"]
[Site "Skype"]
[Date "????.??.??"]
[Round "2.18"]
[White "Garcia Andrinal, Antonio"]
[Black "Galani, Mahendra"]
[Result "1-0"]
[WhiteElo "1632"]
[BlackElo "1395"]
[PlyCount "69"]

1. e4 e5 2. Nf3 d6 3. d4 exd4 4. Nxd4 Nf6 5. Nc3 Bd7 6. Bc4 c5 7. Nde2 Qe7 8.
Ng3 Nc6 9. O-O Ne5 10. Be2 Be6 11. Bb5+ Nfd7 12. Nf5 Bxf5 13. Nd5 Qd8 14. exf5
Nc6 15. Re1+ Be7 16. Bxc6 bxc6 17. Nxe7 Kf8 18. Qxd6 Nb6 19. Qxc5 Qd7 20. Nxc6+
Kg8 21. Ne7+ Kf8 22. Ng6+ Kg8 23. Nxh8 Kxh8 24. Bf4 Rc8 25. Qe7 Kg8 26. Rad1
Qxe7 27. Rxe7 h6 28. Rxa7 Rxc2 29. Rb7 Nc4 30. h3 Nxb2 31. Rd8+ Kh7 32. Rbb8 g6
33. Be5 Rc1+ 34. Kh2 Nd1 35. Rh8# 1-0

[Event "Tournoi Skype 030A"]
[Site "Skype"]
[Date "????.??.??"]
[Round "2.19"]
[White "Sanchez Ruiz, Justo"]
[Black "Chavero, Victor"]
[Result "0-1"]
[WhiteElo "1550"]
[BlackElo "1286"]
[PlyCount "70"]

1. e4 d5 2. exd5 Qxd5 3. Nf3 Qe6+ 4. Be2 Nf6 5. Nc3 Nbd7 6. d4 c6 7. O-O g6 8.
Re1 Qd6 9. Bc4 Bg7 10. h3 O-O 11. Ne5 Nd5 12. Ne4 Qc7 13. Nxd7 Bxd7 14. Ng5 b5
15. Bb3 e6 16. c3 a5 17. a4 c5 18. dxc5 Qxc5 19. Ne4 Qb6 20. axb5 Bxb5 21. c4
a4 22. cxd5 axb3 23. Rxa8 Rxa8 24. Be3 Qd8 25. Qxb3 Ba4 26. Qb4 exd5 27. Nd2 d4
28. Bf4 Qd5 29. Qe7 d3 30. Be5 Bc6 31. f3 Re8 32. Qxe8+ Bxe8 33. Bxg7 Kxg7 34.
Rxe8 Qd4+ 35. Kh2 Qf4+ 0-1

[Event "Tournoi Skype 030A"]
[Site "Skype"]
[Date "????.??.??"]
[Round "2.20"]
[White "Casey, Eamonn"]
[Black "Fernandez Zaldivar, Antonio"]
[Result "1-0"]
[WhiteElo "1538"]
[BlackElo "1291"]
[PlyCount "58"]

1. d4 Nf6 2. c4 e6 3. Nf3 b6 4. Bg5 Bb4+ 5. Nc3 c5 6. e3 Bb7 7. Bd3 Bxc3+ 8.
bxc3 cxd4 9. cxd4 h6 10. Bh4 d6 11. O-O O-O 12. Re1 Nbd7 13. e4 e5 14. Qc2 Re8
15. Rac1 Rc8 16. h3 a6 17. Qb2 Qc7 18. Bxf6 Nxf6 19. Rc2 Nd7 20. a4 exd4 21.
Qxd4 Nc5 22. Rce2 Nxa4 23. Nh4 Nc5 24. Nf5 f6 25. Bc2 Red8 26. Qe3 Kh7 27. Nxd6
Rxd6 28. e5+ Kh8 29. exd6 Qxd6 1-0

[Event "Tournoi Skype 030A"]
[Site "Skype"]
[Date "????.??.??"]
[Round "2.21"]
[White "Karia, Vijay"]
[Black "Tembhurnekar, Ritu"]
[Result "1-0"]
[WhiteElo "1447"]
[BlackElo "1011"]
[PlyCount "79"]

1. e4 c6 2. d4 d5 3. exd5 cxd5 4. Bd3 Nf6 5. Nf3 Nc6 6. c3 e6 7. O-O Bd6 8. Re1
O-O 9. Bg5 h6 10. Bh4 e5 11. dxe5 Nxe5 12. Nxe5 Re8 13. Nf3 Rxe1+ 14. Qxe1 Bg4
15. Nbd2 Bc7 16. Ne5 Qd6 17. Bg3 Re8 18. Qb1 Rxe5 19. Bxe5 Qxe5 20. g3 Qh5 21.
Qe1 Bf5 22. Be2 Bg4 23. Bf1 Bh3 24. Bxh3 Qxh3 25. Qf1 Qh5 26. Qg2 Qe2 27. f3
Bb6+ 28. Kh1 Qd3 29. Re1 Kf8 30. Qe2 Qxe2 31. Rxe2 g5 32. Nf1 d4 33. cxd4 Bxd4
34. b3 b5 35. Ne3 Bxe3 36. Rxe3 Nd5 37. Re5 Nc3 38. Rc5 Nxa2 39. Rxb5 Nc3 40.
Ra5 1-0

[Event "Tournoi Skype 030A"]
[Site "Skype"]
[Date "????.??.??"]
[Round "2.22"]
[White "Ramirez Reina, Orlando"]
[Black "Trivedi, Viral"]
[Result "1/2-1/2"]
[WhiteElo "1402"]
[BlackElo "1210"]
[PlyCount "62"]

1. e4 e6 2. d4 d5 3. Nc3 Nf6 4. e5 Nfd7 5. a3 c5 6. f4 Nc6 7. Nf3 Be7 8. Be2
Qb6 9. Na4 Qa5+ 10. c3 b5 11. Nxc5 Nxc5 12. dxc5 Bxc5 13. b4 Nxb4 14. cxb4
Bxb4+ 15. Bd2 Bxd2+ 16. Qxd2 Qb6 17. Nd4 a6 18. O-O O-O 19. Rfb1 Bd7 20. a4 b4
21. Qxb4 Qa7 22. Kf1 Rab8 23. Qd2 Rxb1+ 24. Rxb1 Bxa4 25. Qb4 Bd7 26. Qb7 Qxd4
27. Qxd7 Qxf4+ 28. Kg1 Qe3+ 29. Kf1 Qf4+ 30. Kg1 Qe3+ 31. Kf1 Qf4+ 1/2-1/2

[Event "Tournoi Skype 030A"]
[Site "Skype"]
[Date "????.??.??"]
[Round "2.24"]
[White "Abate, Leonardo"]
[Black "Hadla, Mohammad Ali"]
[Result "1-0"]
[WhiteElo "1380"]
[BlackElo "1627"]
[PlyCount "129"]

1. e4 e5 2. Nf3 Nc6 3. Bb5 a6 4. Ba4 Nf6 5. O-O b5 6. Bb3 Bc5 7. c3 d6 8. d3 h6
9. h3 O-O 10. Re1 Re8 11. Nbd2 Be6 12. d4 exd4 13. cxd4 Nxd4 14. Nxd4 Bxd4 15.
Nf3 Bb6 16. Bc2 Qd7 17. b3 Bxh3 18. gxh3 Qxh3 19. Nh2 Re5 20. Qf3 Bxf2+ 21.
Qxf2 Rae8 22. Qg2 Rh5 23. Qxh3 Rxh3 24. Bb2 Ng4 25. Nxg4 Rg3+ 26. Kf2 Rxg4 27.
Rg1 Rf4+ 28. Ke3 g5 29. Rh1 Kh7 30. e5+ Kg8 31. Rxh6 dxe5 32. Rah1 Kf8 33. Rh8+
Ke7 34. Ba3+ b4 35. Rxe8+ Kxe8 36. Bb2 f6 37. Bd3 a5 38. Rf1 Rxf1 39. Bxf1 Ke7
40. Bc4 Kd6 41. Ke4 Ke7 42. Kf5 c6 43. Ba1 c5 44. Bb2 Kd6 45. Kxf6 e4 46. Kxg5
e3 47. Kf4 e2 48. Bxe2 Kd5 49. Bc4+ Kc6 50. Ke4 Kb6 51. Kd5 a4 52. Bc1 axb3 53.
axb3 Ka5 54. Be3 Kb6 55. Bxc5+ Ka5 56. Be7 Kb6 57. Bxb4 Kb7 58. Bc5 Kc7 59. b4
Kb7 60. Kd6 Kc8 61. b5 Kb7 62. Bd5+ Kb8 63. b6 Kc8 64. Kc6 Kb8 65. Bd6+ 1-0

[Event "Tournoi Skype 030A"]
[Site "Skype"]
[Date "????.??.??"]
[Round "2.25"]
[White "Alarcon Alarcon, Florentina"]
[Black "Thoune, Jim"]
[Result "1-0"]
[WhiteElo "1378"]
[BlackElo "1598"]
[PlyCount "97"]

1. e4 e6 2. d4 d5 3. e5 c5 4. c3 Nc6 5. Nf3 Qb6 6. Bd3 cxd4 7. cxd4 Nge7 8. O-O
Bd7 9. Bc2 Ng6 10. Nc3 Rc8 11. a3 Be7 12. Na4 Qc7 13. Be3 a6 14. b4 Ncxe5 15.
Rc1 Nxf3+ 16. gxf3 Qb8 17. Nb6 Rd8 18. Nxd7 Rxd7 19. f4 Bd6 20. Qg4 Bxf4 21.
Bxf4 Qxf4 22. Qxf4 Nxf4 23. Rfe1 O-O 24. Bb1 Re8 25. Re3 f6 26. Rce1 g6 27. h4
Kf7 28. Kh2 Nh5 29. Kh3 Rc7 30. Kg4 Rc4 31. Rd1 Ng7 32. Kf3 Rec8 33. Ke2 Rc3
34. Kd2 Rxe3 35. fxe3 Nf5 36. Rh1 Nd6 37. Bd3 Nc4+ 38. Bxc4 Rxc4 39. h5 Kg7 40.
h6+ Kf7 41. Kd3 f5 42. Rf1 Rc8 43. a4 g5 44. Rh1 Kf6 45. b5 g4 46. bxa6 bxa6
47. a5 Kg5 48. Kd2 Rc2+ 49. Kxc2 1-0

[Event "Tournoi Skype 030A"]
[Site "Skype"]
[Date "????.??.??"]
[Round "2.28"]
[White "Gadow, Martin"]
[Black "Davis, Michael"]
[Result "1-0"]
[WhiteElo "1485"]
[BlackElo "1359"]
[PlyCount "77"]

1. d4 Nf6 2. Nf3 g6 3. c3 Bg7 4. Nbd2 d5 5. e3 O-O 6. Bd3 Nbd7 7. O-O c5 8.
dxc5 Nxc5 9. Bc2 Qc7 10. Re1 e5 11. e4 dxe4 12. Nxe4 Nfxe4 13. Bxe4 Rd8 14. Qe2
Bg4 15. Bg5 Rd7 16. h3 Nxe4 17. Qxe4 Bf5 18. Qh4 e4 19. Nd4 Bxd4 20. cxd4 Rxd4
21. Bf6 Qb6 22. Bxd4 Qxd4 23. b3 Rd8 24. Qf4 a6 25. Rab1 Qd2 26. Qxd2 Rxd2 27.
Ra1 Kg7 28. g4 Be6 29. Rxe4 h5 30. gxh5 Bxh3 31. Rh4 Bf5 32. hxg6 fxg6 33. a3
Rd3 34. b4 b5 35. a4 Rb3 36. axb5 axb5 37. Ra7+ Kf6 38. Rb7 Rxb4 39. Rxb4 1-0

[Event "Tournoi Skype 030A"]
[Site "Skype"]
[Date "????.??.??"]
[Round "2.30"]
[White "Perrone, Gabriel Lorenzo"]
[Black "Engstrom, Olle"]
[Result "1-0"]
[WhiteElo "1359"]
[BlackElo "1438"]
[PlyCount "141"]

1. d4 e6 2. c4 Nf6 3. Nf3 c5 4. Nc3 cxd4 5. Nxd4 a6 6. e4 Qc7 7. Bg5 Be7 8. e5
Qxe5+ 9. Be3 Nc6 10. Nf3 Qc7 11. Be2 O-O 12. O-O d5 13. cxd5 exd5 14. Nxd5 Nxd5
15. Qxd5 Rd8 16. Qb3 Be6 17. Qb6 Qxb6 18. Bxb6 Rd7 19. b3 Bd8 20. Be3 Bf6 21.
Rad1 Rad8 22. Rxd7 Rxd7 23. Rd1 Rxd1+ 24. Bxd1 Nb4 25. a3 Nd5 26. Bg5 Bb2 27.
a4 Nc3 28. Bc2 Ne2+ 29. Kf1 Nd4 30. Nxd4 Bxd4 31. Be7 f6 32. b4 b5 33. a5 Kf7
34. Bd6 f5 35. f4 Bc4+ 36. Ke1 Ke6 37. Bf8 g6 38. Kd2 Bf1 39. Bb3+ Bc4 40. Bc2
Kd5 41. Bd3 Bb3 42. h3 Bf6 43. Be2 Bc4 44. Bf3+ Kd4 45. Bb7 Bf1 46. Bxa6 Bxg2
47. Bxb5 Ba8 48. Bc5+ Kd5 49. a6 Ke4 50. Bd6 Kd5 51. Bc5 Ke4 52. Bd6 Kd5 53.
Bc7 Ke4 54. Bd3+ Kd5 55. b5 Bd4 56. b6 Kc6 57. Bc4 Kd7 58. Kd3 Bc5 59. Bg8 h5
60. h4 Bf2 61. Bf7 Be4+ 62. Kc4 Bxh4 63. Bxg6 Bf2 64. Bxh5 Bg1 65. Bd1 Bf2 66.
Ba4+ Kc8 67. Kb5 Bd3+ 68. Kc6 Bxa6 69. Kd6 Bd3 70. Bd7+ Kb7 71. Bc6+ 1-0

[Event "Tournoi Skype 030A"]
[Site "Skype"]
[Date "????.??.??"]
[Round "2.31"]
[White "Gharbi, Said"]
[Black "Lopes, Marcia Maria"]
[Result "0-1"]
[WhiteElo "1434"]
[BlackElo "1321"]
[PlyCount "34"]

1. e4 c5 2. c3 d5 3. exd5 Qxd5 4. d4 Nf6 5. Nf3 Nc6 6. Bb5 e6 7. O-O a6 8.
Bxc6+ Qxc6 9. Ne5 Qc7 10. Bg5 Be7 11. Bxf6 Bxf6 12. Qa4+ b5 13. Qd1 Bxe5 14.
dxe5 Qxe5 15. Qf3 Rb8 16. Qc6+ Ke7 17. Qxa6 Bxa6 0-1

[Event "Tournoi Skype 030A"]
[Site "Skype"]
[Date "????.??.??"]
[Round "2.32"]
[White "Sepulveda, Lyda Marcela"]
[Black "Zenini, Simone"]
[Result "1-0"]
[WhiteElo "1302"]
[BlackElo "1411"]
[PlyCount "49"]

1. e4 e5 2. Nf3 Nc6 3. Bb5 a6 4. Ba4 Nf6 5. Qe2 b5 6. Bb3 Be7 7. c3 d6 8. O-O
O-O 9. d4 Bb7 10. Nbd2 exd4 11. cxd4 Na5 12. Bc2 c5 13. e5 dxe5 14. dxe5 Nd7
15. e6 Nf6 16. Ng5 Qd5 17. Ndf3 Qc4 18. Bd3 Bxf3 19. exf7+ Kh8 20. Qxf3 Qg4 21.
Qe3 Nd5 22. Qe5 Qd7 23. Nxh7 Rxf7 24. Qh5 Kg8 25. Ng5 1-0

[Event "Tournoi Skype 030A"]
[Site "Skype"]
[Date "????.??.??"]
[Round "2.33"]
[White "Junqueira, Leonardo De Faria"]
[Black "Pasasin, Alejandro"]
[Result "1-0"]
[WhiteElo "1408"]
[BlackElo "1304"]
[PlyCount "97"]

1. e4 e5 2. d4 Nc6 3. Nf3 d6 4. Bb5 Bg4 5. d5 Nf6 6. dxc6 b6 7. Qd3 Bh5 8. Bg5
Be7 9. Bxf6 Bxf6 10. Nc3 O-O 11. O-O-O a5 12. a4 Qc8 13. Nd5 Bd8 14. h3 Bg6 15.
Qe3 f5 16. Bc4 Kh8 17. Nd2 f4 18. Qb3 Rb8 19. Nc3 Be7 20. Nb5 Ra8 21. Be6 Qd8
22. Nf3 Bf6 23. Rhe1 h6 24. Bd5 Qe7 25. Rh1 Bh5 26. Be6 Bf7 27. Bxf7 Rxf7 28.
Nh2 Bg5 29. f3 h5 30. Qd5 Rf6 31. Nf1 Rd8 32. Nd2 Rff8 33. Qb3 Bf6 34. Nc4 Rfe8
35. Rd5 Qf7 36. Qd3 Re6 37. Rd1 Qe7 38. Qe2 g6 39. R1d3 Kh7 40. Qd1 Qf7 41.
Ncxd6 cxd6 42. Rxd6 Rc8 43. Rxe6 Qxe6 44. Rd6 Rd8 45. Rxe6 Rxd1+ 46. Kxd1 Kg7
47. c7 Kf7 48. Rxf6+ Kxf6 49. c8=Q 1-0

[Event "Tournoi Skype 030A"]
[Site "Skype"]
[Date "????.??.??"]
[Round "2.34"]
[White "Sauvaget, Joel"]
[Black "Bagayatkar, Madan"]
[Result "1-0"]
[WhiteElo "1290"]
[BlackElo "1405"]
[PlyCount "33"]

1. d4 d5 2. e3 Nf6 3. c4 e6 4. Nf3 Nbd7 5. Be2 Be7 6. O-O O-O 7. Nc3 a6 8. b3
c5 9. dxc5 Nxc5 10. Bb2 dxc4 11. Bxc4 b5 12. Be2 Bb7 13. Rc1 Qb6 14. Nb1 Rad8
15. Qe1 Nce4 16. Bd4 Bd6 17. Bxb6 1-0

[Event "Tournoi Skype 030A"]
[Site "Skype"]
[Date "????.??.??"]
[Round "2.35"]
[White "Hague, Mark"]
[Black "Mishra, Sourabh"]
[Result "0-1"]
[WhiteElo "1395"]
[BlackElo "1284"]
[PlyCount "68"]

1. d4 d5 2. Nc3 Nf6 3. Bf4 e6 4. e3 Bd6 5. Bg3 O-O 6. Bd3 c5 7. dxc5 Bxc5 8.
Nge2 Nc6 9. Bh4 Be7 10. Bg3 a6 11. Qd2 b5 12. a3 e5 13. f3 e4 14. fxe4 dxe4 15.
Nxe4 Nxe4 16. Bxe4 Qxd2+ 17. Kxd2 Bb7 18. Nd4 Rad8 19. c3 Nxd4 20. exd4 Bxe4
21. Rhg1 Bg5+ 22. Ke2 Rfe8 23. Kf2 Bd5 24. Rae1 Rxe1 25. Rxe1 Kf8 26. h4 Bf6
27. Bf4 Bxh4+ 28. g3 Bf6 29. Kg1 h6 30. Kh2 Re8 31. Rxe8+ Kxe8 32. Kh3 Bg5 33.
Bxg5 hxg5 34. Kg4 f6 0-1

[Event "Tournoi Skype 030A"]
[Site "Skype"]
[Date "????.??.??"]
[Round "2.36"]
[White "Vello, Pablo"]
[Black "Escudero Ocana, Francisco"]
[Result "1-0"]
[WhiteElo "1135"]
[BlackElo "1393"]
[PlyCount "81"]

1. d4 d5 2. Nc3 c6 3. Bf4 Nd7 4. e4 dxe4 5. Nxe4 Ngf6 6. Nc3 Nb6 7. Qd2 Bf5 8.
f3 e6 9. g4 Bg6 10. h4 h5 11. g5 Nfd5 12. Nxd5 Nxd5 13. Bg3 Rc8 14. Bd3 Bxd3
15. Qxd3 c5 16. Qb5+ Qd7 17. Qxd7+ Kxd7 18. O-O-O cxd4 19. Rxd4 Bc5 20. Ra4 Ne3
21. Be5 Nxc2 22. Bxg7 Be3+ 23. Kd1 Rhd8 24. Bf6 Re8 25. Bc3 b5 26. Re4 Nd4 27.
Rxe3 Nf5 28. Rd3+ Ke7 29. Bb4+ Nd6 30. Bxd6+ Kd7 31. Be5+ Kc6 32. Ne2 Red8 33.
Nd4+ Kb7 34. Kd2 Rc5 35. Bf6 Rd7 36. Re1 a5 37. Nb3 Rxd3+ 38. Kxd3 Rd5+ 39. Bd4
a4 40. Nc5+ Rxc5 41. Bxc5 1-0

[Event "Tournoi Skype 030A"]
[Site "Skype"]
[Date "????.??.??"]
[Round "3.1"]
[White "Figueroa, Tomas"]
[Black "Elias, Roberto"]
[Result "1-0"]
[WhiteElo "2093"]
[BlackElo "1671"]
[PlyCount "49"]

1. c4 e6 2. Nf3 Nf6 3. g3 d5 4. Bg2 c6 5. Qc2 Nbd7 6. d4 Bd6 7. O-O O-O 8. Nbd2
e5 9. dxe5 Nxe5 10. b3 Re8 11. Bb2 Bg4 12. Rad1 Qc7 13. c5 Nxf3+ 14. exf3 Bxc5
15. fxg4 Bxf2+ 16. Rxf2 Nxg4 17. Qc3 f6 18. Bxd5+ Kh8 19. Bf3 Nxf2 20. Kxf2
Qb6+ 21. Kg2 Re3 22. Qc2 Qb4 23. Nc4 Re6 24. Qf5 Rae8 25. Qxe6 1-0